000 00911nam a2200241Ia 4500
003 OSt
005 20220923213530.0
006 a|||||r|||| 00| 0
007 ta
008 220922b |||||||| |||| 00| 0 hin d
024 _a162,612
037 _cTextual
040 _aARTS
_cARTS
_bhin
041 _2hin
_ahin
082 _aO152,3M80:g(Y), L4
100 _aसिन्हा, इन्द्रमोहन कुमार
_9163068
245 0 _aप्रेमचंद युगीन भारतीय समाज
246 _aPremachanda yugīn bhāratīya samāja
260 _aपटना
_b बिहार हिन्दी ग्रंथ अकादमी
_c1974
650 _aहिन्दी साहित्य
_9156264
942 _hO152,3M80:g(Y), L4
_cTEXL
_2CC
999 _c317092
_d317092